Elenca la formazione - Quiz n°103 - Statistics

Statistiche generali
  • Questo quiz è stato fatto 90 volte
  • Il punteggio medio è 10 su 11
Statistiche sulle risposte
Ruolo Nazione Calciatore % Corretto
Portiere Francia Mike Maignan
99%
Attaccante Francia Olivier Giroud
99%
Ala Portogallo Rafael Leão
97%
Difensore Italia Davide Calabria
95%
Difensore Francia Theo Hernández
95%
Trequartista Costa d'Avorio Franck Kessié
92%
Centrocampista Algeria Ismaël Bennacer
92%
Difensore Francia Pierre Kalulu
91%
Centrocampista Italia Sandro Tonali
90%
Difensore Italia Alessio Romagnoli
81%
Ala Belgio Alexis Saelemaekers
76%
Nessun quiz corrispondente trovato
Distribuzione punteggi
Percentuale di utenti per punteggio
Percentile per numero di risposta
I tuoi punteggi nel tempo
Non hai fatto questo quiz